Oulun naapurikunnat - Statistics

Yleistilastot
  • Tätä visaa on pelattu 121 kertaa
  • Keskiarvotulos 7 / 9
Vastaustilastot
Naapurikunnat % Oikein
Ii
93%
Hailuoto
92%
Kempele
90%
Liminka
87%
Muhos
83%
Pudasjärvi
75%
Tyrnävä
73%
Lumijoki
68%
Utajärvi
61%
Ehtoja vastaavia visoja ei löytynyt
Tulosjakauma
Jokaisen tuloksen saaneiden osuus
Persentiili vastausten määrän mukaan
Tuloshistoriasi
Et ole pelannut tätä visaa